Autour des "fast-foods" en France - Statistiques

Statistiques générales
  • Ce quiz a été pris 73 fois
  • Le résultat moyen est 4 sur 20
Statistiques - réponses
Question Réponse % Correct
McDonald's est installé en France depuis 1979
45%
Quel produit de fast-food est le moins calorique ? Jambon-beurre
41%
Combien y-a-t-il de restaurants McDonald's en France en 2023 (environ) 1560
34%
Burger King est de retour sur le marché français depuis... 2013
34%
Quel pourcentage de l'ensemble des restaurants représentent les fast-foods en France ? 15 %
31%
La chaîne Quick a été créée en... 1980
31%
Sur les plateformes de livraison de repas, le burger est le (...) choix 2e
28%
Pour McDonald's, la France est le (...) marché dans le monde 4e
28%
Quel pourcentage des 18/24 ans déclare aimer manger dans un fast-food ? 84 %
28%
Le meilleur mois pour les fast-foods est août
28%
En 2022, quel pourcentage des repas pris hors-domicile le sont dans un fast-food en France ? 41 %
21%
Le moins bon mois pour les fast-foods est juillet
17%
Le Chiffre d'Affaires de McDonald's France est (...) fois supérieur à celui de Quick 19
14%
Quel pourcentage des plus de 65 ans déclare aimer manger dans un fast-food ? 28 %
14%
Quel est le pourcentage des employés ayant entre 18 et 24 ans chez McDonald's en 2022 ? 60 %
14%
La ville de France où le pourcentage de fast-foods sur l'ensemble des restaurants est le plus élevé est Cergy-Pontoise
14%
Selon l'INSEE, il existe à Paris, (...) fast-foods 6500
10%
Lors de l'ouverture de son 1er restaurant, McDonald's a connu un échec qui l'a conduit à attendre avant d'ouvrir un autre restaurant
7%
Quel pourcentage des Français déclare fréquenter régulièrement un fast-food ? 16 %
0%
La chaine de fast-food préférée des Français est... Paul
0%
Aucun quiz correspondant
Distribution des résultats
% des personnes avec chaque résultat
Percentile par nombre de réponses
Votre historique - résultats
Vous n’avez pas pris ce quiz